Optimalizačné metódy váhovania predikčných metód v učení súborov

Salvato in:
Dettagli Bibliografici
Autore principale: Blažíček, Jozef (Autore)
Altri autori: Laurinec, Peter (Relatore della tesi)
Natura: Manoscritto Libro
Lingua:slovacco
Pubblicazione: 2016
Soggetti:
Accesso online:http://is.stuba.sk/zp/portal_zp.pl?podrobnosti=106306
Tags: Aggiungi Tag
Nessun Tag, puoi essere il primo ad aggiungerne!!

MARC

LEADER 00000ntm a22000003a 4500
001 stuzp59100
003 SK-STU
005 20160719155750.2
007 ta
008 150427s2015----xo-----f-mn---000-0-slo-d
040 |a STU  |b slo 
041 0 |a slo 
100 1 |a Blažíček, Jozef  |u 070200  |4 aut  |U FIIT Fakulta informatiky a informačných technológií  |T FIIT Ústav informatiky, informačných systémov a softvérového inžinierstva  |X 72004  |U I200  |Y 179  |7 72004 
242 0 1 |a Optimization methods of weighting in Ensemble Learning  |y eng 
245 1 0 |a Optimalizačné metódy váhovania predikčných metód v učení súborov 
260 |c 2016 
650 4 |a Učenie súborov  |2 slo 
650 4 |a Predikcia  |2 slo 
650 4 |a Optimalizačné algoritmy  |2 slo 
650 4 |a Kukučkino prehľadávanie  |2 slo 
650 4 |a PSO  |2 slo 
650 4 |a Ensemble Learning  |2 eng 
650 4 |a Prediction  |2 eng 
650 4 |a Optimization algorithms  |2 eng 
650 4 |a Cuckoo search  |2 eng 
650 4 |a Particle swarm optimization  |2 eng 
700 1 |a Laurinec, Peter  |u 070200  |k Z3  |4 ths  |U FIIT Fakulta informatiky a informačných technológií  |T FIIT Ústav informatiky, informačných systémov a softvérového inžinierstva  |X 77085  |U I200  |Y 179  |7 77085 
856 4 |u http://is.stuba.sk/zp/portal_zp.pl?podrobnosti=106306 
996 |b 8155  |c I* BAP 136/2016  |l II680  |s P  |a 0  |w stuzp59100_0001 
SQL |a stuzp59100  |b DBP  |c SLO  |d Optimalizačné metódy váhovania predikčných metód v učení súborov  |e 72004  |f Blažíček, Jozef  |g 070200  |h 77085  |i Laurinec, Peter  |j 20160620  |k 202  |l 07  |m http://is.stuba.sk/zp/portal_zp.pl?podrobnosti=106306  |n B-INFO  |o 9.2.1. informatika